<?xml version="1.0" encoding="UTF-8"?>
<record
    xmlns:xsi="http://www.w3.org/2001/XMLSchema-instance"
    xsi:schemaLocation="http://www.loc.gov/MARC21/slim http://www.loc.gov/standards/marcxml/schema/MARC21slim.xsd"
    xmlns="http://www.loc.gov/MARC21/slim">

  <leader>02271nam a2200181 a 4500</leader>
  <controlfield tag="001">ASIN0195113063</controlfield>
  <controlfield tag="005">20150330024115.0</controlfield>
  <controlfield tag="008">150330s1999    xxu                 eng d</controlfield>
  <datafield tag="020" ind1=" " ind2=" ">
    <subfield code="a">0195113063 (hardcover)</subfield>
    <subfield code="c">$105.00</subfield>
  </datafield>
  <datafield tag="020" ind1=" " ind2=" ">
    <subfield code="a">9780195113068 (hardcover)</subfield>
  </datafield>
  <datafield tag="100" ind1="1" ind2=" ">
    <subfield code="a">MacLennan, Bruce J.</subfield>
  </datafield>
  <datafield tag="245" ind1="1" ind2="0">
    <subfield code="a">Principles of programming languages :</subfield>
    <subfield code="b">design, evaluation, and implementation /</subfield>
    <subfield code="c">Bruce J. MacLennan.</subfield>
  </datafield>
  <datafield tag="250" ind1=" " ind2=" ">
    <subfield code="a">3rd ed.</subfield>
  </datafield>
  <datafield tag="260" ind1=" " ind2=" ">
    <subfield code="a">[S.l.] :</subfield>
    <subfield code="b">Oxford University Press,</subfield>
    <subfield code="c">1999.</subfield>
  </datafield>
  <datafield tag="300" ind1=" " ind2=" ">
    <subfield code="a">528 p. ;</subfield>
    <subfield code="c">24 cm.</subfield>
  </datafield>
  <datafield tag="520" ind1=" " ind2=" ">
    <subfield code="a">Completely revised and updated, the third edition of Principles of Programming Languages: Design, Evaluation, and Implementation teaches key design and implementation skills essential for language designers, compiler writers, and other computer scientists. It also covers descriptive tools and historical precedents so that students can understand design issues in their historical context. Ideal for advanced undergraduate and graduate courses in programming languages and comparative languages, this text uses a unique horizontal organization that analyzes individual languages in their entirety, facilitating discussion of the interrelationships between the parts of a language. It teaches design skills by emphasizing basic principles more than details, focuses on methods of implementation over specific techniques, and presents concepts inductively. In-depth case studies of representative languages from five generations of programming language design (Fortran, Algol-60, Pascal, Ada, LISP, Smalltalk, and Prolog) are used to illustrate larger themes. This third edition adds discussions of the phenomenology of programming languages, the role of conceptual models in language design, language size and complexity, and system implementation languages (with an emphasis on C). It covers programming environments (as illustrated by the Interlisp system) and recent developments in object-oriented programming (including C++, Ada 95, CLOS, and Java), and expands the discussion of multiple inheritance. Historical information has been updated to reflect new developments in the industry and many new exercises have been added as well.</subfield>
  </datafield>
  <datafield tag="856" ind1="4" ind2="0">
    <subfield code="3">Amazon.com</subfield>
    <subfield code="u">http://www.amazon.com/exec/obidos/ASIN/0195113063/chopaconline-20</subfield>
  </datafield>
  <datafield tag="999" ind1=" " ind2=" ">
    <subfield code="c">12754</subfield>
    <subfield code="d">12754</subfield>
  </datafield>
  <datafield tag="952" ind1=" " ind2=" ">
    <subfield code="0">0</subfield>
    <subfield code="1">0</subfield>
    <subfield code="4">0</subfield>
    <subfield code="7">0</subfield>
    <subfield code="a">SLMS</subfield>
    <subfield code="b">SLMS</subfield>
    <subfield code="d">2015-03-30</subfield>
    <subfield code="g">206.55</subfield>
    <subfield code="o">001.6424MAY</subfield>
    <subfield code="p">8312</subfield>
    <subfield code="r">2015-03-30</subfield>
    <subfield code="y">BK</subfield>
  </datafield>
</record>
